Statistics for marvel characters by age (july 2021)

Click here to take the quiz!

General Stats

  • This quiz has been taken 20 times
    (13 since last reset)
  • The average score is 3 of 12

Answer Stats

AgeAnswer% Correct
4000 years oldThor
92%
Millions of yearsOdin
77%
Beginning of timeEgo the living planet
69%
Before timeGalactus
31%
5000 years oldMalekith
15%
Before timeThe One above all
15%
5000 years oldApocalypse
8%
5 million yearsIkaris
8%
Beginning of timeLiving Tribunal
8%
5 million yearsSersi
8%
Beginning of timeThe Watchers
8%
5 million yearsMakari
0%

Score Distribution

Percentile by Number Answered

Percent of People with Each Score

Your Score History

You have not taken this quiz since the last reset